000 00623nam a22001815i 4500
001 162463
003 ES-MaACL
005 20260105063013.0
008 020110s1883 sp ao |||| | spa d
040 _aCAM
_bspa
_cCAM
100 1 _aPortillo y Portillo, Bruno,
_d1855-1935
_993273
245 1 0 _aPreludios de una lira
_b: poesías /
_cde Bruno Portillo y Portillo.
260 _aMadrid :
_bImprenta y Librería de Eduardo Martínez,
_c1883.
300 _a339 p., [1] h. de lám. ;
_c22 cm.
599 1 _aLa h. de lám. fot. del autor.
852 _aES-MaACL
_jG-12270
_z-- Enc. hol.
999 _c162463
_d162463